000 00862nam a2200265 4500
001 174365
003 ES-MaACL
005 20250804012830.0
008 100408s1996 sp |||| |dger d
017 _aS 468-1996
020 _a84-87169-89-9
080 _a1 Lotz, Johannes B.
080 _a111
100 1 _aBautista Lucas, Erasmo N.
_9142471
245 1 0 _aMetaphysik in Ansatz
_b: Seinsverständnis aus dem menschlichen Gesamtvollzug bei Joh. Bapt. Lotz /
_cErasmo N. Bautista Lucas ; [prólogo de Emerich Coreth].
260 _aMóstoles (Madrid) :
_bNossa y Jara,
_c1996.
300 _a355 p. ;
_c21 cm.
500 _aEn el lomo: 9.
600 1 7 _aLotz, Johannes B.
_974305
650 7 _aMetafísica
_2embne
_915012
650 _aOntología.
_915705
700 1 _aCoreth, Emerich.
_940586
852 4 _a BA
_jC-57103
999 _c174365
_d174365